[Event "Moscow Aeroflot op-A"]
[Site "Moscow"]
[Date "2024.03.03"]
[Round "2"]
[White "Sapenov, Daniyal"]
[Black "Zhalmakhanov, Ramazan"]
[Result "1-0"]
[WhiteElo "2340"]
[BlackElo "2480"]
[PlyCount "48"]
[EventDate "2024.03.03"]
[EventType "swiss"]
[EventRounds "9"]
[EventCountry "RUS"]
[SourceTitle "CB11_2024"]
[SourceDate "2024.03.13"]
[SourceVersion "1"]
[SourceVersionDate "2024.03.13"]
[SourceQuality "1"]

1. d4 Nf6 2. c4 e6 3. Nc3 Bb4 4. e3 0-0 5. Bd3 d5 6. a3 Bxc3+ 7. bxc3 dxc4 8. Bxc4 c5 9. Ne2 Qc7 10. Bd3 Nc6 11. f4 b6 12. 0-0 Bb7 13. Ng3 Rfd8 14. Bb2 Qe7 15. Qe2 Rac8 16. Rae1 Rc7 17. Bb1 h6 18. h3 Ne8 19. Qc2 Qh4 20. Qh7+ Kf8 21. f5 Rdd7 22. Qh8+ Ke7 23. f6+ Kd8 24. fxg7 Ne7 1-0

[Event "Titled Tuesday intern op 06th Feb Early"]
[Site "Chess.com INT"]
[Date "2024.02.06"]
[Round "2"]
[White "Zhalmakhanov, Ramazan"]
[Black "Ambartsumova, Karina"]
[Result "0-1"]
[WhiteElo "2480"]
[BlackElo "2418"]
[PlyCount "56"]
[EventDate "2024.02.06"]
[EventType "swiss (blitz)"]
[EventRounds "11"]
[EventCountry "USA"]
[SourceTitle "CB07_2024"]
[SourceDate "2024.02.14"]
[SourceVersion "1"]
[SourceVersionDate "2024.02.14"]
[SourceQuality "1"]

1. d4 Nf6 2. Nc3 d5 3. Bf4 g6 4. e3 Bg7 5. h4 h5 6. Nf3 0-0 7. Qd2 c5 8. Ne5 cxd4 9. exd4 Nc6 10. 0-0-0 Bf5 11. Bb5 Nb4 12. Ba4 Rc8 13. a3 Rxc3 14. axb4 Rc8 15. f3 Qb6 16. g4 hxg4 17. h5 Qa6 18. b3 Rxc2+ 19. Qxc2 Bxc2 20. Kxc2 Nxh5 21. b5 Rc8+ 22. Kb2 Qf6 23. Be3 gxf3 24. Rhf1 Qf5 25. b4 Qe4 26. Rfe1 Bxe5 27. dxe5 Qxb4+ 28. Bb3 Rc3 0-1

[Event "Wch Blitz"]
[Site "Samarkand"]
[Date "2023.12.30"]
[Round "12"]
[White "Jumabayev, Rinat"]
[Black "Zhalmakhanov, Ramazan"]
[Result "1-0"]
[WhiteElo "2598"]
[BlackElo "2493"]
[PlyCount "151"]
[EventDate "2023.12.29"]
[EventType "swiss (blitz)"]
[EventRounds "21"]
[EventCountry "UZB"]
[SourceTitle "CB01_2024"]
[SourceDate "2024.01.03"]
[SourceVersion "1"]
[SourceVersionDate "2024.01.03"]
[SourceQuality "1"]

1. Nf3 d5 2. d4 Nf6 3. c4 e6 4. Nc3 Nbd7 5. cxd5 exd5 6. Bg5 c6 7. e3 h6 8. Bf4 Nh5 9. Bd3 Be7 10. 0-0 0-0 11. h3 Nxf4 12. exf4 Nf6 13. Ne5 Re8 14. Re1 Be6 15. a3 c5 16. Bb5 Rf8 17. Ng6 fxg6 18. Rxe6 Rc8 19. Qd3 cxd4 20. Ne2 Ne4 21. Rxg6 Bf6 22. Rd1 Qb6 23. Bd7 Rc7 24. Bg4 Qxb2 25. Be6+ Kh8 26. Bxd5 Nc5 27. Qf3 d3 28. Ng3 Bd4 29. f5 Re7 30. Rg4 Re5 31. Bc4 Rfe8 32. Bxd3 Re1+ 33. Rxe1 Rxe1+ 34. Bf1 Rc1 35. f6 Bxf6 36. Nh5 Bd4 37. Ng3 Bf6 38. h4 Qc3 39. Qxc3 Rxc3 40. a4 Ra3 41. Bb5 a6 42. Be8 Ra1+ 43. Kh2 Ra2 44. f3 Nd3 45. Re4 Be5 46. Kh3 Nf4+ 47. Kg4 Nd3 48. f4 Nf2+ 49. Kf3 Nxe4 50. Nxe4 Bc7 51. Nc5 Ra3+ 52. Kg4 b5 53. Nxa6 Bd6 54. axb5 Rb3 55. h5 Kg8 56. Kf5 Kf8 57. Bc6 Ke7 58. Kg4 Kf6 59. g3 Rb2 60. Bd7 Be7 61. Nc7 Bd8 62. Nd5+ Kf7 63. Kf5 Rd2 64. Bc6 Rb2 65. g4 Rb3 66. Bd7 Rb2 67. Bc6 Rb1 68. Nc3 Rb4 69. g5 hxg5 70. fxg5 Rb2 71. Ne4 Bc7 72. Bd5+ Ke7 73. Bc6 Rb1 74. Kg6 Kf8 75. Nc5 Be5 76. Nd7+ 1-0

[Event "Wch Rapid"]
[Site "Samarkand"]
[Date "2023.12.26"]
[Round "5"]
[White "Tari, Aryan"]
[Black "Zhalmakhanov, Ramazan"]
[Result "1-0"]
[WhiteElo "2623"]
[BlackElo "2493"]
[PlyCount "79"]
[EventDate "2023.12.26"]
[EventType "swiss (rapid)"]
[EventRounds "13"]
[EventCountry "UZB"]
[SourceTitle "CB01_2024"]
[SourceDate "2024.01.03"]
[SourceVersion "1"]
[SourceVersionDate "2024.01.03"]
[SourceQuality "1"]

1. e4 c5 2. Nf3 g6 3. c4 Bg7 4. d4 cxd4 5. Nxd4 Nc6 6. Be3 Qb6 7. Nb3 Qd8 8. Qd2 Nf6 9. f3 d6 10. Nc3 0-0 11. Rc1 Be6 12. Nd5 Nd7 13. Be2 a5 14. 0-0 a4 15. Nd4 Bxd5 16. exd5 Nxd4 17. Bxd4 Qa5 18. Rc3 Rfc8 19. Bxg7 Kxg7 20. Qd4+ Nf6 21. Re3 Rc7 22. f4 b6 23. g4 Qc5 24. Qc3 Qa5 25. Qd4 Qc5 26. Qc3 Qa5 27. Qd3 Re8 28. g5 Nd7 29. Bg4 Qb4 30. Bxd7 Rxd7 31. f5 Qxb2 32. Rb1 Qxa2 33. Re2 Qxb1+ 34. Qxb1 Ra8 35. Rxe7 Rxe7 36. f6+ Kf8 37. fxe7+ Kxe7 38. Qxb6 Kf8 39. Qxd6+ Kg8 40. Qc6 1-0

[Event "KAZ Cup Final"]
[Site "Almaty"]
[Date "2023.11.29"]
[Round "1.2"]
[White "Kovalev, Vladislav"]
[Black "Zhalmakhanov, Ramazan"]
[Result "1-0"]
[WhiteElo "2582"]
[BlackElo "2464"]
[PlyCount "235"]
[EventDate "2023.11.28"]
[EventType "k.o."]
[EventRounds "4"]
[EventCountry "KAZ"]
[SourceTitle "CB49_2023"]
[SourceDate "2023.12.06"]
[SourceVersion "1"]
[SourceVersionDate "2023.12.06"]
[SourceQuality "1"]

1. e4 c5 2. Nf3 g6 3. c3 d5 4. exd5 Qxd5 5. d4 Bg7 6. dxc5 Qxc5 7. Be3 Qa5 8. Qb3 Nf6 9. Qb5+ Qxb5 10. Bxb5+ Bd7 11. a4 0-0 12. 0-0 Nc6 13. Rd1 a6 14. Be2 Be6 15. Nd4 Nxd4 16. Bxd4 Rfd8 17. Nd2 Rac8 18. a5 Nd7 19. Be3 Bd5 20. Nf3 e6 21. Rd2 Nf6 22. c4 Ne4 23. cxd5 Nxd2 24. Nxd2 exd5 25. Bb6 Re8 26. Bf3 Bxb2 27. Rd1 Rc1 28. Rxc1 Bxc1 29. Nf1 Re5 30. Bd4 Re7 31. g3 Rd7 32. Ne3 Bxe3 33. fxe3 f5 34. Kf2 Kf7 35. Bb6 Rd6 36. Bc5 Rd8 37. Ke2 Ke6 38. Kd3 Ke5 39. Bd4+ Kd6 40. Kd2 Rc8 41. Be2 Ke6 42. h4 Kd6 43. Bf1 Ke6 44. Bd3 Rc7 45. Bc2 Rc8 46. Bb3 Kd6 47. Bc3 Kc5 48. Kd3 Re8 49. Bd4+ Kd6 50. Bd1 Rc8 51. Kd2 Re8 52. Bc2 Rc8 53. Bd3 Ke6 54. Kd1 Rc7 55. Be2 Rc8 56. g4 Rf8 57. g5 f4 58. Bg4+ Kd6 59. Ke2 fxe3 60. Kxe3 Re8+ 61. Kf3 Re4 62. Bb6 Rc4 63. h5 Ke5 64. h6 Rf4+ 65. Kg3 Rf7 66. Bd1 d4 67. Bc2 Rf8 68. Bd3 Kd5 69. Kg4 Re8 70. Kf4 Rf8+ 71. Kg3 Re8 72. Kf2 Rf8+ 73. Ke2 Re8+ 74. Kd2 Rf8 75. Bc7 Rc8 76. Bf4 Rf8 77. Bg3 Rf3 78. Bc7 Rf2+ 79. Ke1 Rf8 80. Ke2 Re8+ 81. Kf2 Rf8+ 82. Ke1 Kc6 83. Bg3 Kd5 84. Ke2 Re8+ 85. Kf2 Rf8+ 86. Kg2 Rf7 87. Be1 Rf8 88. Bb4 Rf7 89. Kg3 Ke5 90. Bd2 Kd5 91. Kg2 Rf8 92. Be1 Rf7 93. Bf2 Rf8 94. Kf1 Re8 95. Be1 Rf8+ 96. Ke2 Re8+ 97. Kd1 Rf8 98. Bb4 Rf7 99. Ke2 Ke5 100. Bc4 Rd7 101. Kd3 Kf5 102. Bd2 Rd8 103. Bb3 Ke5 104. Bb4 Re8 105. Bf7 Rc8 106. Bc4 Re8 107. Bc5 Kf5 108. Bd5 Rb8 109. Kxd4 Kxg5 110. Bd6 Re8 111. Bxb7 Kh4 112. Bc7 Re6 113. Kd5 Re8 114. Bxa6 g5 115. Bb7 g4 116. a6 g3 117. a7 g2 118. Bb6 1-0

[Event "Asian Games tt"]
[Site "Hangzhou"]
[Date "2023.10.01"]
[Round "3.11"]
[White "Erigaisi, Arjun Kumar"]
[Black "Zhalmakhanov, Ramazan"]
[Result "1/2-1/2"]
[WhiteElo "2712"]
[BlackElo "2447"]
[PlyCount "58"]
[EventDate "2023.09.29"]
[EventType "team-tourn"]
[EventRounds "9"]
[EventCountry "CHN"]
[SourceTitle "EXT 2024"]
[Source "ChessBase"]
[SourceDate "2023.10.10"]
[SourceVersion "1"]
[SourceVersionDate "2023.10.10"]
[SourceQuality "1"]
[WhiteTeam "India"]
[BlackTeam "Kazakhstan"]
[WhiteTeamCountry "IND"]
[BlackTeamCountry "KAZ"]

1. d4 Nf6 2. Bg5 Ne4 3. Bf4 d5 4. e3 c5 5. Bd3 g6 6. Be5 f6 7. Bxb8 Rxb8 8. Nf3 Bg7 9. 0-0 cxd4 10. exd4 0-0 11. c4 Bg4 12. cxd5 f5 13. Be2 Qb6 14. Qb3 Qxb3 15. axb3 Bxf3 16. gxf3 Ng5 17. Rd1 Nh3+ 18. Kf1 a6 19. b4 Nf4 20. Nc3 Rfd8 21. Ra5 Kf8 22. Bc4 b5 23. Bb3 Rb6 24. Raa1 Bf6 25. Ke1 Ng2+ 26. Ke2 Nf4+ 27. Ke1 Ng2+ 28. Kf1 Nf4 29. Ke1 Ng2+ 1/2-1/2

[Event "Astana Zhuldyzdary op-A"]
[Site "Astana"]
[Date "2023.07.15"]
[Round "6"]
[White "Zhalmakhanov, Ramazan"]
[Black "Goganov, Aleksey"]
[Result "1/2-1/2"]
[WhiteElo "2413"]
[BlackElo "2531"]
[PlyCount "45"]
[EventDate "2023.07.11"]
[EventType "swiss"]
[EventRounds "10"]
[EventCountry "KAZ"]
[SourceTitle "CBM 215 Extra"]
[Source "ChessBase"]
[SourceDate "2023.09.30"]
[SourceVersion "1"]
[SourceVersionDate "2023.09.30"]
[SourceQuality "1"]

1. e4 e5 2. Nf3 Nc6 3. Bb5 a6 4. Ba4 Nf6 5. 0-0 Be7 6. Re1 b5 7. Bb3 0-0 8. a4 Bb7 9. d3 d6 10. Nc3 Na5 11. Ba2 b4 12. Ne2 c5 13. Ng3 Bc8 14. h3 Rb8 15. Bd2 Qc7 16. Qe2 Be6 17. Nf5 Bxa2 18. Rxa2 g6 19. Ne3 b3 20. Bxa5 Qxa5 21. cxb3 Rxb3 22. Nd2 Rb4 23. Ndc4 1/2-1/2

[Event "Astana Zhuldyzdary op-A"]
[Site "Astana"]
[Date "2023.07.12"]
[Round "3"]
[White "Rakhmanov, Alexander"]
[Black "Zhalmakhanov, Ramazan"]
[Result "1/2-1/2"]
[WhiteElo "2620"]
[BlackElo "2413"]
[PlyCount "71"]
[EventDate "2023.07.11"]
[EventType "swiss"]
[EventRounds "10"]
[EventCountry "KAZ"]
[SourceTitle "CBM 215 Extra"]
[Source "ChessBase"]
[SourceDate "2023.09.30"]
[SourceVersion "1"]
[SourceVersionDate "2023.09.30"]
[SourceQuality "1"]

1. c4 e6 2. Nc3 d5 3. d4 c5 4. cxd5 exd5 5. Nf3 Nc6 6. dxc5 d4 7. Na4 Bxc5 8. Nxc5 Qa5+ 9. Bd2 Qxc5 10. Rc1 Qb6 11. e3 dxe3 12. Bxe3 Qb4+ 13. Bd2 Qe7+ 14. Be2 Nf6 15. 0-0 0-0 16. Re1 Qd6 17. Be3 Qxd1 18. Rexd1 Be6 19. Nd4 Nxd4 20. Rxd4 Rfc8 21. Bf3 Rxc1+ 22. Bxc1 Rc8 23. Bd2 b6 24. Bb7 Re8 25. a3 h6 26. Ba6 Nd7 27. Bc3 Nc5 28. Bb5 Rc8 29. f3 a6 30. Be2 b5 31. Rd6 Na4 32. Be5 Rc1+ 33. Rd1 Rc8 34. Rd6 Rc1+ 35. Rd1 Rc8 36. Rd6 1/2-1/2